| 000 | 004110000a22001690004500 | ||
|---|---|---|---|
| 003 | MACL | ||
| 005 | 20151229131118.0 | ||
| 008 | 151229b xxu||||| |||| 00| 0 eng d | ||
| 040 |
_aMACL _cMACL |
||
| 041 | _aEnglish | ||
| 082 | _a147/HUN | ||
| 100 |
_aHunt, John _923806 |
||
| 245 | _aPantheism and Christianity | ||
| 260 |
_bWm Isbister Ltd _c1884 |
||
| 650 |
_aPhilosophy _923807 |
||
| 942 |
_cBK _k147/HUN _2ddc |
||
| 999 |
_c38816 _d38816 |
||